000
00329nam a22001337a 4500
008
170621b xxu||||| |||| 00| 0 eng d
020
_a
9780865970069
041
_a
eng
080
_a
32
100
_a
20
101
_a
SHP
245
_a
AN INQUIRY INTO THE NATURE AND CAUSES OF THE WEALTH OF NATIONS
_c
SMITH, A
942
_2
udc
_c
BK
999
_c
18531
_d
18531